Sports Quiz

Random Sports Quiz

2012 Projected Lineups (AL) Quiz Stats

 Plays Quiz not verified by Sporcle

Score 0/210 Timer 20:00
0 Plays Today
team player % Correct
Red SoxAdrian Gonzalez
95.8%
Red SoxDavid Ortiz
95.2%
YankeesDerek Jeter
95.2%
Red SoxJacoby Ellsbury
94.7%
Red SoxKevin Youkilis
94.7%
Red SoxDustin Pedroia
94.2%
YankeesRobinson Cano
94.2%
YankeesAlex Rodriguez
94.2%
YankeesMark Teixeira
92.6%
YankeesCC Sabathia
92.6%
RaysSean Rodriguez
92.1%
IndiansAsdrubal Cabrera
91.5%
TigersMiguel Cabrera
91.5%
YankeesCurtis Granderson
91%
Red SoxJosh Beckett
89.9%
YankeesMariano Rivera
89.9%
OriolesBrian Roberts
89.4%
OriolesAdam Jones
88.9%
YankeesRussell Martin
88.9%
RaysEvan Longoria
88.9%
Red SoxJon Lester
88.4%
Red SoxCarl Crawford
87.8%
TwinsJoe Mauer
87.8%
YankeesBrett Gardner
87.3%
TwinsJustin Morneau
87.3%
YankeesNick Swisher
86.8%
Blue JaysJose Bautista
86.2%
TigersPrince Fielder
86.2%
TigersDelmon Young
86.2%
TigersJustin Verlander
86.2%
RangersMichael Young
86.2%
RangersJosh Hamilton
85.2%
OriolesNick Markakis
84.7%
OriolesMatt Wieters
84.1%
White SoxPaul Konerko
84.1%
AngelsAlbert Pujols
84.1%
RangersIan Kinsler
83.6%
RangersNelson Cruz
83.6%
RaysDavid Price
83.1%
IndiansCarlos Santana
82.5%
AngelsCJ Wilson
82.5%
AngelsErvin Santana
82.5%
RaysBJ Upton
82%
RaysCarlos Pena
82%
TigersAustin Jackson
82%
White SoxAlexei Ramirez
81.5%
RangersAdrian Beltre
81.5%
IndiansGrady Sizemore
81%
AngelsTorii Hunter
81%
Red SoxJarrod Saltalamacchia
79.4%
RaysBen Zobrist
79.4%
RaysJames Shields
78.8%
RangersMike Napoli
78.8%
RoyalsAlex Gordon
78.3%
AngelsJered Weaver
78.3%
RangersElvis Andrus
78.3%
IndiansTravis Hafner
77.8%
TigersAlex Avila
77.8%
YankeesPhil Hughes
76.7%
A'sYoenis Cespedes
76.7%
OriolesMark Reynolds
76.2%
OriolesJim Johnson
76.2%
Blue JaysKelly Johnson
76.2%
MarinersIchiro Suzuki
76.2%
YankeesMichael Pineda
75.1%
AngelsHowie Kendrick
75.1%
MarinersFelix Hernandez
75.1%
OriolesJJ Hardy
74.6%
Blue JaysAdam Lind
74.6%
RoyalsBilly Butler
74.1%
team player % Correct
MarinersChone Figgins
73.5%
Red SoxClay Buchholz
72%
AngelsVernon Wells
72%
RaysWade Davis
70.9%
OriolesChris Davis
70.4%
IndiansShin Soo Choo
69.8%
AngelsErick Aybar
69.8%
AngelsKendry Morales
69.8%
White SoxBrent Morel
69.3%
TigersJose Valverde
69.3%
RoyalsEric Hosmer
69.3%
RangersJoe Nathan
69.3%
AngelsMark Trumbo
68.3%
AngelsDan Haren
68.3%
RangersNeftali Feliz
68.3%
YankeesRaul Ibanez
67.7%
YankeesIvan Nova
67.7%
White SoxAJ Pierzynski
67.7%
White SoxAdam Dunn
67.2%
TigersDoug Fister
67.2%
Blue JaysRicky Romero
66.7%
TwinsFrancisco Liriano
66.7%
Blue JaysYunel Escobar
66.1%
TwinsDenard Span
66.1%
RangersMitch Moreland
66.1%
Red SoxAndrew Bailey
65.6%
White SoxJohn Danks
65.6%
RoyalsAlcides Escobar
65.6%
TigersJhonny Peralta
64%
RaysMatt Moore
63.5%
White SoxGordon Beckham
63.5%
RangersYu Darvish
63%
RaysLuke Scott
61.9%
RoyalsJoakim Soria
61.9%
RaysJeremy Hellickson
61.4%
IndiansChris Perez
61.4%
RoyalsSalvador Perez
61.4%
TigersMax Scherzer
60.8%
RaysDesmond Jennings
60.3%
IndiansFausto Carmona
60.3%
TwinsScott Baker
59.8%
YankeesHiroki Kuroda
59.3%
Blue JaysJP Arencibia
59.3%
A'sCoco Crisp
59.3%
TwinsCarl Pavano
58.7%
MarinersJustin Smoak
58.7%
A'sJemile Weeks
58.2%
White SoxAlex Rios
57.7%
RangersColby Lewis
57.7%
TigersBrennan Boesch
56.6%
MarinersJesus Montero
56.6%
AngelsPeter Bourjos
56.1%
Blue JaysBrett Lawrie
55.6%
RoyalsJeff Francoeur
55.6%
Red SoxDaniel Bard
55%
MarinersDustin Ackley
55%
White SoxGavin Floyd
54.5%
A'sJosh Donaldson
54.5%
Blue JaysEdwin Encarnacion
54%
RangersDerek Holland
54%
RangersMatt Harrison
54%
Red SoxMike Aviles
53.4%
MarinersFranklin Gutierrez
53.4%
RaysMatt Joyce
52.9%
RaysJose Molina
52.9%
IndiansUbaldo Jimenez
52.9%
RoyalsMike Moustakas
52.9%
IndiansJustin Masterson
52.4%
TigersRick Porcello
51.9%
TwinsJosh Willingham
49.2%
team player % Correct
OriolesWei Yin Chen
48.7%
RoyalsBruce Chen
48.7%
IndiansCasey Kotchman
47.6%
A'sDaric Barton
47.6%
TwinsMatt Capps
47.1%
Blue JaysBrandon Morrow
46%
RangersDavid Murphy
45.5%
IndiansMichael Brantley
43.9%
TwinsBen Revere
43.9%
AngelsJordan Walden
43.9%
RaysKyle Farnsworth
43.4%
AngelsJerome Williams
43.4%
A'sSeth Smith
43.4%
TigersRyan Raburn
42.9%
A'sCliff Pennington
42.9%
Blue JaysSergio Santos
42.3%
IndiansJason Kipnis
42.3%
A'sBartolo Colon
42.3%
IndiansDerek Lowe
41.8%
OriolesZach Britton
41.3%
White SoxJake Peavy
41.3%
RoyalsLuke Hochevar
41.3%
TwinsDanny Valencia
41.3%
MarinersMiguel Olivo
40.7%
A'sKurt Suzuki
40.2%
Blue JaysColby Rasmus
39.7%
MarinersMike Carp
39.7%
RoyalsJonathan Sanchez
38.6%
TwinsAlexi Casilla
38.6%
AngelsChris Iannetta
38.1%
A'sDallas Braden
37.6%
MarinersBrendan Ryan
37.6%
Red SoxCody Ross
37%
IndiansLonnie Chisenhall
37%
White SoxAlejandro De Aza
35.4%
White SoxMatt Thornton
34.4%
TwinsNick Blackburn
33.9%
MarinersBrandon League
33.9%
OriolesEndy Chavez
33.3%
White SoxChris Sale
31.7%
A'sBrian Fuentes
31.2%
MarinersJason Vargas
30.2%
A'sJosh Reddick
29.1%
OriolesJake Arrieta
28.6%
Blue JaysEric Thames
28.6%
A'sBrandon McCarthy
28%
IndiansJosh Tomlin
25.9%
Red SoxAaron Cook
25.4%
RoyalsLorenzo Cain
25.4%
MarinersKevin Millwood
24.9%
OriolesWilson Betemit
24.3%
OriolesJason Hammel
24.3%
Blue JaysBrett Cecil
24.3%
White SoxDayan Viciedo
23.8%
A'sJarrod Parker
21.7%
TwinsJamey Carroll
21.2%
TigersJacob Turner
20.6%
RoyalsAaron Crow
19.6%
OriolesTsuyoshi Wada
18.5%
RoyalsJohnny Giavotella
18.5%
TwinsRyan Doumit
18.5%
White SoxPhil Humber
18%
Blue JaysHenderson Alvarez
16.4%
TigersAndy Dirks
14.8%
TwinsJason Marquis
14.8%
A'sBrad Peacock
14.8%
MarinersHector Noesi
13.2%
Blue JaysDustin McGowan
11.6%
RoyalsFelipe Paulino
11.6%
MarinersHisashi Iwakuma
9.5%

You're not logged in!

Compare scores with friends on all Sporcle quizzes.
OR
Log In

Sporcle TV

Today on Sporcle TV


Watch our educational content, quiz creation guides, and fun videos on Sporcle TV.

Show Comments

Extras

Created Feb 24, 2012SourceReportNominate
Tags:2012, player, projected, team

Top Quizzes Today


Score Distribution

Your Account Isn't Verified!

In order to create a playlist on Sporcle, you need to verify the email address you used during registration. Go to your Sporcle Settings to finish the process.

Report this User

Report this user for behavior that violates our Community Guidelines.

Details: